Premier League Teams 2019/2020 - Statistics

General Stats
  • This quiz has been taken 240 times
  • The average score is 16 of 20
Answer Stats
Answer % Correct
Arsenal
97%
Liverpool
97%
Manchester City
97%
Manchester United
96%
Chelsea
93%
Tottenham
93%
Everton
82%
West Ham
82%
Aston Villa
79%
Brighton
77%
Leicester
77%
Southampton
77%
Newcastle
76%
Wolves
76%
Crystal Palace
74%
Norwich
74%
Bournemouth
68%
Watford
64%
Burnley
62%
Sheffield United
62%
No matching quizzes found
Score Distribution
Percent of People with Each Score
Percentile by Number Answered
Your Score History
You have not taken this quiz